¿Adonde va la América Latina? : (Record no. 1076)

000 -CABECERA
fixed length control field 01538nam a22002417a 4500
003 - IDENTIFICADOR DEL NÚMERO DE CONTROL
control field AR-CdUCM
008 - DATOS DE LONGITUD FIJA--INFORMACIÓN GENERAL
fixed length control field 190226b ||||| |||| 00| 0 spa d
040 ## - FUENTE DE LA CATALOGACIÓN
Agencia/entidad que catalogó originalmente la obra MUNICIPALIDAD PROVINCIAL DEL CUSCO
Entidad que transcribió la catalogación BIBLIOTECA MUNICIPAL DEL CUSCO
082 ## - NÚMERO DE LA CLASIFICACIÓN DECIMAL DEWEY
No. de Clasificación 338.98 /
Notacion interna C35
100 ## - ENTRADA PRINCIPAL--NOMBRE DE PERSONA
Nombre Personal Castro, Josué de
245 ## - MENCIÓN DE TÍTULO
Título ¿Adonde va la América Latina? :
Resto del título dinámica del desarrollo, cambios y resistencias sociales /
260 ## - PUBLICACIÓN, DISTRIBUCIÓN, ETC.
Lugar de publicación, distribución, etc. Lima :
Nombre de la editorial, distribuidor, etc. Latinoamericana,
Fecha de publicación, distribución, etc. 1966.
300 ## - DESCRIPCIÓN FÍSICA
Nº de Páginas Extensión 187 páginas ;
Dimensiones 20.5 cm
505 ## - NOTA DE CONTENIDO CON FORMATO
Nota de contenido formateada Contenido: Primera conferencia: La dinámica del desarrollo en América Latina. Cambios y resistencias sociales. El hambre y el sub-desarrollo en América Latina. El hambre como experiencia biológica del fenómeno económico del subdesarrollo -- Segunda conferencia: Unidad y diversidad en América Latina. Las raíces sociológicas de América Latina. La colonización Ibérica y las independencias ficticias -- Tercera conferencia: El deseo de emancipación económica y la lucha contra el neocolonialismo. El problema crítico de las Reformas Agrarias. El comercio exterior y el problema de los productos de base. La alianza para el progreso y cooperación internacional ¿Adonde va la América Latina?...
650 ## - PUNTO DE ACCESO ADICIONAL DE MATERIA--TÉRMINO DE MATERIA
Descriptor Desarrollo económico - América Latina
9 (RLIN) 4198
650 ## - PUNTO DE ACCESO ADICIONAL DE MATERIA--TÉRMINO DE MATERIA
Descriptor Conferencias
9 (RLIN) 376
650 ## - PUNTO DE ACCESO ADICIONAL DE MATERIA--TÉRMINO DE MATERIA
Descriptor Ensayos
9 (RLIN) 375
650 ## - PUNTO DE ACCESO ADICIONAL DE MATERIA--TÉRMINO DE MATERIA
Descriptor Desarrollo social - América Latina
9 (RLIN) 4199
650 ## - PUNTO DE ACCESO ADICIONAL DE MATERIA--TÉRMINO DE MATERIA
Descriptor Siglo XX
9 (RLIN) 8
942 ## - ELEMENTOS DE PUNTO DE ACCESO ADICIONAL (KOHA)
Fuente de clasificación
Tipo de item Libros-BMC
945 ## - PROCESAMIENTO DE INFORMACIÓN LOCAL (OCLC)
Catalogador lccs
AAAA-MM-DD - Fecha de ingreso o modificacion 2019-02-26
Holdings
Estado de retiro (separado) Fuente de clasificación o esquema de estanterías Estado dañado Ubicación Sala donde se ubica Nombre de la colección Fecha de adquisición o compra Costo, precio normal en soles Signatura topográfica Código de Barras Última vez visto (Koha) Tipo de ítem (Koha)
No     Sala Humanidades Sala Humanidades Book Cart 2019-02-26 15.00 338.98 / C35 SH0000001112 2019-02-26 Libros-BMC

Powered by Koha